| 000 | 00466nam a2200157 a 4500 | ||
|---|---|---|---|
| 005 | 20140414132123.0 | ||
| 008 | 131217s19uu xx 00 eng d | ||
| 020 | _a9781407594460 | ||
| 050 |
_aREF 031.02 _bGue936 2010 |
||
| 100 | _aGuest, John | ||
| 245 |
_aTrue facts: _b100sof freaky, scary, gross extraordinary simply unbelievable facts. |
||
| 260 |
_aUnited Kingdom : _bParragon Books, _cc2010. |
||
| 300 | _a96 | ||
| 650 |
_aScience- _xfacts |
||
| 999 |
_c115148 _d115148 |
||